One piece drapeau - Statistiques

Statistiques générales
  • Ce quiz a été pris 8 177 fois
  • Le résultat moyen est 22 sur 26
Statistiques - réponses
Par images Réponse % Correct
Monkey D. Luffy
100%
Edward Newgate
99%
Portgas D. Ace
99%
Brook
98%
Jinbe
96%
Roronoa Zoro
96%
Trafalgar D. Water Law
95%
Vinsmoke Sanji
95%
Charlotte Linlin
93%
Eustass Kidd
93%
Franky
93%
Usopp
92%
Dracule Mihawk
91%
Shanks
91%
Nico Robin
89%
Nami
88%
Kaido
87%
Marchall D. Teach
87%
Don Quichote Doflamingo
78%
Boa Hancock
75%
Jewerly Bonney
74%
Sabo
71%
Urouge
70%
Gecko Moria
68%
Gol D. Roger
67%
X-drake
30%
Aucun quiz correspondant
Distribution des résultats
% des personnes avec chaque résultat
Percentile par nombre de réponses
Votre historique - résultats
Vous n’avez pas pris ce quiz